Handbook of Groundwater Remediation and Treatment Technologies/ (Record no. 1690)

000 -LEADER
fixed length control field 00400 a2200109 4500
020 ## - INTERNATIONAL STANDARD BOOK NUMBER
International Standard Book Number 8124202363
082 ## - DEWEY DECIMAL CLASSIFICATION NUMBER
Classification number 628.168 CHE
100 ## - MAIN ENTRY--PERSONAL NAME
Personal name Cheremisinoff, Nicholas P.
245 ## - TITLE STATEMENT
Title Handbook of Groundwater Remediation and Treatment Technologies/
Statement of responsibility, etc. Nicholas P. Cheremisinoff
260 ## - PUBLICATION, DISTRIBUTION, ETC.
Place of publication, distribution, etc. New Delhi :
Name of publisher, distributor, etc. Crest Publishing House,
Date of publication, distribution, etc. 2004
300 ## - PHYSICAL DESCRIPTION
Extent xi, 395p. :
Other physical details ill. ;
Dimensions 25 cm
650 ## - SUBJECT ADDED ENTRY--TOPICAL TERM
Topical term or geographic name entry element Groundwater Remediation --- Treatment Technologies
Holdings
Withdrawn status Lost status Damaged status Not for loan Permanent Location Current Location Shelving location Date acquired Total Checkouts Full call number Barcode Date last seen Price effective from Koha item type
        School of Civil and Environmental Engineering (SCEE) School of Civil and Environmental Engineering (SCEE)       628.168 CHE NIT-3745 01/05/2017 01/05/2017 Book
© 2023 Central Library, National University of Sciences and Technology. All Rights Reserved.